Bis(pyrazol-1-yl)methane-4,4'-dicarboxylic Acid; Molbank; Vol. 2021, iss. 4
| Parent link: | Molbank Vol. 2021, iss. 4.— 2021.— [M1298, 5 p.] |
|---|---|
| Autor Corporativo: | |
| Outros autores: | , , , |
| Summary: | Title screen The molecular structure of bis(pyrazol-1-yl)methane-4,4'-dicarboxylic acid (H2bpmdc) was determined by single crystal X-Ray diffraction analysis. The compound crystallizes in a monoclinic crystal system; the unit cell contains four formula units. The molecules of H2bpmdc are linked into zig-zag chains by intermolecular carboxyl–carboxyl hydrogen bonds. Other types of supramolecular interactions, namely, CH···N and CH···O short contacts, CH–? interactions and carbonyl–carbonyl interactions were detected in the crystal structure. |
| Idioma: | inglés |
| Publicado: |
2021
|
| Subjects: | |
| Acceso en liña: | https://doi.org/10.3390/M1298 |
| Formato: | MixedMaterials Electrónico Capítulo de libro |
| KOHA link: | https://koha.lib.tpu.ru/cgi-bin/koha/opac-detail.pl?biblionumber=668046 |
MARC
| LEADER | 00000naa0a2200000 4500 | ||
|---|---|---|---|
| 001 | 668046 | ||
| 005 | 20250602144659.0 | ||
| 035 | |a (RuTPU)RU\TPU\network\39257 | ||
| 090 | |a 668046 | ||
| 100 | |a 20220531d2021 k||y0rusy50 ba | ||
| 101 | 0 | |a eng | |
| 181 | 0 | |a i | |
| 182 | 0 | |a b | |
| 200 | 1 | |a Bis(pyrazol-1-yl)methane-4,4'-dicarboxylic Acid |f E. A. Pershina, D. I. Pavlov, N. P. Burlutsky, A. S. Potapov | |
| 203 | |a Текст |c электронный | ||
| 300 | |a Title screen | ||
| 320 | |a [References: 19 tit.] | ||
| 330 | |a The molecular structure of bis(pyrazol-1-yl)methane-4,4'-dicarboxylic acid (H2bpmdc) was determined by single crystal X-Ray diffraction analysis. The compound crystallizes in a monoclinic crystal system; the unit cell contains four formula units. The molecules of H2bpmdc are linked into zig-zag chains by intermolecular carboxyl–carboxyl hydrogen bonds. Other types of supramolecular interactions, namely, CH···N and CH···O short contacts, CH–? interactions and carbonyl–carbonyl interactions were detected in the crystal structure. | ||
| 461 | |t Molbank | ||
| 463 | |t Vol. 2021, iss. 4 |v [M1298, 5 p.] |d 2021 | ||
| 610 | 1 | |a электронный ресурс | |
| 610 | 1 | |a труды учёных ТПУ | |
| 610 | 1 | |a bis(pyrazol-1-yl)methane-4,4'-dicarboxylic acid | |
| 610 | 1 | |a dicarboxylic acid | |
| 610 | 1 | |a crystal structure | |
| 610 | 1 | |a hydrogen bond | |
| 610 | 1 | |a intermolecular interactions | |
| 610 | 1 | |a дикарбоновые кислоты | |
| 610 | 1 | |a кристаллическая структура | |
| 610 | 1 | |a водородная связь | |
| 701 | 1 | |a Pershina |b E. A. |g Elizaveta Andreevna | |
| 701 | 1 | |a Pavlov |b D. I. |g Dmitry Igorevich | |
| 701 | 1 | |a Burlutsky |b N. P. |g Nikita Pavlovich | |
| 701 | 1 | |a Potapov |b A. S. |g Andrey Sergeevich | |
| 712 | 0 | 2 | |a Национальный исследовательский Томский политехнический университет |b Инженерная школа новых производственных технологий |b Научно-образовательный центр Н. М. Кижнера |3 (RuTPU)RU\TPU\col\23556 |
| 801 | 2 | |a RU |b 63413507 |c 20220531 |g RCR | |
| 850 | |a 63413507 | ||
| 856 | 4 | |u https://doi.org/10.3390/M1298 |z https://doi.org/10.3390/M1298 | |
| 942 | |c CF | ||